000 00264nam a22001097a 4500
008 230626b xxu||||| |||| 00| 0 eng d
082 _a331.76309
_bCON
100 _cRobert Conquest
245 _aAGRICULTURAL WORKERS IN THE USSR
300 _a139p
942 _2ddc
_cBK
999 _c2606
_d2606